اثر هندرة الموارد البشرية على السلوك الابداعي لدى العاملين في مؤسسة التدريب المهني في الاردن = The Impact of Human Resource Reengineering on the Creative Behavior for Employees, at the Vocational Training corporation in jordan / (Record no. 33436)
[ view plain ]
| 000 -LEADER | |
|---|---|
| fixed length control field | 01139nam a22001937a 4500 |
| 003 - CONTROL NUMBER IDENTIFIER | |
| control field | JO-AjAnu |
| 005 - DATE AND TIME OF LATEST TRANSACTION | |
| control field | 20240623122117.0 |
| 008 - FIXED-LENGTH DATA ELEMENTS--GENERAL INFORMATION | |
| fixed length control field | 240406b jo ||||| |||| 00| 0 ara d |
| 040 ## - CATALOGING SOURCE | |
| Original cataloging agency | JO-AjAnu |
| Language of cataloging | ara |
| Transcribing agency | JO-AjAnu |
| 041 #0 - LANGUAGE CODE | |
| Language code of text/sound track or separate title | ara |
| 100 #1 - MAIN ENTRY--PERSONAL NAME | |
| Personal name | الطعاني، قصي زياد يوسف. |
| Relator term | معد |
| 9 (RLIN) | 65323 |
| 245 10 - TITLE STATEMENT | |
| Title | اثر هندرة الموارد البشرية على السلوك الابداعي لدى العاملين في مؤسسة التدريب المهني في الاردن = The Impact of Human Resource Reengineering on the Creative Behavior for Employees, at the Vocational Training corporation in jordan / |
| Statement of responsibility, etc. | اعداد قصي زياد يوسف الطعاني ؛ اشراف علي فلاح مفلح الزعبي |
| 260 ## - PUBLICATION, DISTRIBUTION, ETC. | |
| Date of publication, distribution, etc. | 2023 |
| 300 ## - PHYSICAL DESCRIPTION | |
| Extent | 128 ورقة |
| 500 ## - GENERAL NOTE | |
| General note | رسالة جامعية ( رسالة ماجستير في ادارة الاعمال) - جامعة عجلون الوطنية (عجلون، الاردن)، كلية الاعمال، 2023. |
| 650 70 - SUBJECT ADDED ENTRY--TOPICAL TERM | |
| Topical term or geographic name entry element | الموارد البشرية - هندرة |
| 9 (RLIN) | 65324 |
| 700 #1 - ADDED ENTRY--PERSONAL NAME | |
| Personal name | الزعبي، علي فلاح مفلح |
| 9 (RLIN) | 59270 |
| Relator term | مشرف |
| 942 ## - ADDED ENTRY ELEMENTS (KOHA) | |
| Source of classification or shelving scheme | Library of Congress Classification |
| Koha item type | Thesis |
| Suppress in OPAC | No |
| Withdrawn status | Lost status | Source of classification or shelving scheme | Damaged status | Not for loan | Home library | Current library | Date acquired | Total Checkouts | Full call number | Barcode | Date last seen | Price effective from | Koha item type |
|---|---|---|---|---|---|---|---|---|---|---|---|---|---|
| Library of Congress Classification | مكتبة جامعة عجلون الوطنية | مكتبة جامعة عجلون الوطنية | 06/04/2024 | HF5549.5 2023 | a29548 | 06/04/2024 | 06/04/2024 | Thesis | |||||
| Library of Congress Classification | مكتبة جامعة عجلون الوطنية | مكتبة جامعة عجلون الوطنية | 23/06/2024 | HF5549.5 2023 | a29549 | 02/06/2024 | 23/06/2024 | Thesis |